000 00242nam a2200097Ia 4500
005 20251222175818.0
008 251222s9999||||xx |||||||||||||| ||spa||
082 _aDVD0070/S75E/1985
245 0 _aEl color púrpura:The color purple
942 _cDVD
999 _c40375
_d40375